000 01015nam a22003137a 4500
001 BR0002187
003 BR-BrBNA
005 20230928100641.0
007 ta
008 230509b bl.||||| |||| 00| 0 por d
040 _aBR-BrBNA
_bpor
_cBiblioteca Nacional de Agricultura
041 _a(Por)
072 _aC20; F01
_b1100
090 _ 1100 BR0002187
110 1 _aSociedade Brasileira de Fruticultura, Dourados, MS (Brasil)
_99732
110 1 _aUniversidade Federal de Mato Grosso do Sul, Campo Grande (Brasil)
_910817
110 1 _aEmpresa de Pesquisa, Assistencia Tecnica e Extensao Rural de Mato Grosso do Sul, Campo Grande (Brasil)
245 1 _a1. Curso de fruticultura tropical e suas potencialidades para Mato Grosso do Sul; anais
260 3 _aDourados, MS (Brasil):
_c1988.
300 _a87 p.
650 _aAbacaxi
650 _aCaju
650 _aManga
650 _aMamao
650 _aCurso
650 _aMato Grosso do Sul
909 _a202309
_bLucia
_c55
_dLucia Elande
942 _cBK
999 _c62193
_d62193